Dongeng tentang cerita
| Main Author: | |
|---|---|
| Format: | Book |
| Published: |
Kuala Lumpur :
DBP ,
1993
|
| Subjects: |
MARC
| LEADER | 00000cam a2200000 7i4500 | ||
|---|---|---|---|
| 001 | 0000002961 | ||
| 002 | 000003206 | ||
| 005 | 20000330.0 | ||
| 020 | |a 9836229728 | ||
| 090 | 0 | 0 | |a 809.3 |b JUN |
| 100 | 1 | |a Junus, Umar | |
| 245 | 1 | 0 | |a Dongeng tentang cerita |c Umar Junus |
| 260 | |a Kuala Lumpur : |b DBP , |c 1993 | ||
| 300 | |a 257p. ; |c 21cm. | ||
| 650 | 0 | 0 | |a Fiction |x History and criticism |
| 999 | |a 036513 |b BUKU |c PINJAMAN |e PERPUSTAKAAN KOMUNITI PETALING JAYA | ||